000 00338nam a22001337a 4500
020 _a0000000552516
040 _cNUST
082 _a891.4393 JAF
100 _aRaees Ahmad Jafferi
_9111092
245 _aAlaou Ud Din Khilji
260 _aLahore:
_bAl Hamd Publication,
_c2017.
650 _aUrdu Literature-Novel
_91164
942 _2ddc
_cBK
999 _c594043
_d594043